| 000 | 00853nas a2200265Ia 4500 | ||
|---|---|---|---|
| 001 | A09/R103-15041 [r000013332] | ||
| 003 | IT-MiCISF | ||
| 008 | 161014c99999999xx |||||||||||| ||und|| | ||
| 040 |
_aIT-MiCISF _cIT-MiCISF |
||
| 041 | _aITALIANO | ||
| 100 | _aAncona Leonardo | ||
| 210 | _aConsultori familiari oggi | ||
| 222 | _aConsultori familiari oggi | ||
| 245 | 0 | _aIl problema psico-dinamico della etero- e omo-sessualità | |
| 250 | _a1a ed. | ||
| 260 | _c1994 | ||
| 501 |
_bCISF - Centro Internazionale Studi Famiglia - Via Giotto, 36 20145 MILANO (non commercial uses only) _cCopyright 2016 |
||
| 300 | _app. 18-24 | ||
| 362 | _an. 3, settembre [1994] | ||
| 500 | _a Tema: omosessualità, identità-femminile, psicoanalisi | ||
| 650 |
_asessualità _varticolo |
||
| 700 | _aAA.VV. | ||
| 942 | _cCR | ||
| 957 | _71 | ||
| 999 |
_a15041 _bSi _g1 _c238385 _d238385 |
||